Central Library OPAC University of Rajshahi

মুসলিম দর্শন ও দার্শনিক / (Record no. 83119)

MARC details
000 -LEADER
fixed length control field 00854nam a22002297a 4500
001 - CONTROL NUMBER
control field 83119
003 - CONTROL NUMBER IDENTIFIER
rucl marc code BD-RjUL
005 - DATE AND TIME OF LATEST TRANSACTION
control field 20240220114508.0
008 - FIXED-LENGTH DATA ELEMENTS--GENERAL INFORMATION
fixed length control field 240220s2023 bg ||||| |||| 00| 0 eng d
020 ## - INTERNATIONAL STANDARD BOOK NUMBER
International Standard Book Number 9847013103153
035 ## - SYSTEM CONTROL NUMBER
System control number (BD-RjUL)83119
040 ## - CATALOGING SOURCE
Original cataloging agency BD-RjUL
Language of cataloging eng
Transcribing agency BD-RjUL
041 ## - LANGUAGE CODE
Language code of text/sound track or separate title ben
082 ## - DEWEY DECIMAL CLASSIFICATION NUMBER
Edition number 23
Classification number 181.07
Author mark and year KHM 2023
100 ## - MAIN ENTRY--PERSONAL NAME
Personal name খলিল, মোঃ ইব্রাহীম
9 (RLIN) 11825
245 ## - TITLE STATEMENT
Title মুসলিম দর্শন ও দার্শনিক /
Statement of responsibility, etc. মোঃ ইব্রাহীম খলিল
260 ## - PUBLICATION, DISTRIBUTION, ETC. (IMPRINT)
Place of publication, distribution, etc. ঢাকা :
Name of publisher, distributor, etc. মেরিট ফেয়ার প্রকাশন,
Date of publication, distribution, etc. ২০১৩, [মুদ্রণ ২০২৩]
300 ## - PHYSICAL DESCRIPTION
Pagination ৪৩২ পৃ.;
Size ২২ সেমি.
650 ## - SUBJECT ADDED ENTRY--TOPICAL TERM
Topical term or geographic name as entry element ইসলামিক দর্শন
9 (RLIN) 11826
Topical term or geographic name as entry element Islamic philosophy
942 ## - ADDED ENTRY ELEMENTS (KOHA)
Source of classification or shelving scheme Dewey Decimal Classification
Koha item type Books
Holdings
Lost status Source of classification or shelving scheme Damaged status Not for loan Collection code Permanent Location Current Location Shelving location Date acquired Source of acquisition Cost, normal purchase price Total Checkouts Full call number Date last seen Copy number Koha item type Date checked out
  Dewey Decimal Classification   Not For Loan Non-fiction Central Library, University of Rajshahi Central Library, University of Rajshahi Reading Room 24/01/2024 Rajshahi : Biddasagar 431.25   B 181.07 KHM 2023 20/02/2024 C-1 Books  
  Dewey Decimal Classification     Non-fiction Central Library, University of Rajshahi Central Library, University of Rajshahi General Stacks 24/01/2024 Rajshahi : Biddasagar 431.25 11 B 181.07 KHM 2023 31/03/2026 C-2 Books 26/02/2026
  Dewey Decimal Classification     Non-fiction Central Library, University of Rajshahi Central Library, University of Rajshahi General Stacks 24/01/2024 Rajshahi : Biddasagar 431.25 3 B 181.07 KHM 2023 12/08/2025 C-3 Books 30/07/2025